Blood Chemistry 1 Laboratory Manual (Record no. 350831)
[ view plain ]
| 000 -LEADER | |
|---|---|
| fixed length control field | 00294nam a2200109Ia 4500 |
| 008 - FIXED-LENGTH DATA ELEMENTS--GENERAL INFORMATION | |
| fixed length control field | 171211s9999 xx 000 0 und d |
| 020 ## - INTERNATIONAL STANDARD BOOK NUMBER | |
| International Standard Book Number | 9789719802044 |
| 100 ## - MAIN ENTRY--PERSONAL NAME | |
| Personal name | Suba, Sally C. |
| 245 ## - TITLE STATEMENT | |
| Title | Blood Chemistry 1 Laboratory Manual |
| 260 ## - PUBLICATION, DISTRIBUTION, ETC. (IMPRINT) | |
| Name of publisher, distributor, etc | C & E Publishing, Inc. |
| Date of publication, distribution, etc | 2014 |
| 300 ## - PHYSICAL DESCRIPTION | |
| Extent | 185 pages |
| Withdrawn status | Lost status | Damaged status | Home library | Current library | Shelving location | Date acquired | Source of acquisition | Total Checkouts | Full call number | Barcode | Date last seen | Price effective from | Koha item type |
|---|---|---|---|---|---|---|---|---|---|---|---|---|---|
| South SEED-LPDH College Library | South SEED-LPDH College Library | South SEED-LPDH College Section | 12/11/2017 | Library Fund | RB 145 .Su83 2014 | SSLC1475 | 05/15/2018 | 12/11/2017 | Books |